| 000 | 01986cam a2200361 4500 | ||
|---|---|---|---|
| 008 | 090401t1996 xxu||||| |||| 00| 0 eng d | ||
| 020 | _a0854067604 | ||
| 035 | _a(Sirsi) u65072 | ||
| 041 | _aeng | ||
| 050 | _a630.072 | ||
| 090 | _aRICS 1996/31ABCD | ||
| 110 |
_aRoyal Institution of Chartered Surveyors _94900 |
||
| 245 | _aRoots 96 : the proceedings of the 1996 rural practice research conference of the Royal Institution of Chartered Surveyors, held on Friday 5 January 1996 at the Royal Agricultural College, Cirencester | ||
| 260 |
_aLondon _bRICS _c1996 |
||
| 300 | _a207p. ; 30cm. | ||
| 350 | _a0 | ||
| 505 | _aCONTENTS: Agricultural science policy: a neglected aspect of agricultural politics. - WINTER, M. / Sustainable development and the rural surveyor: rhetoric versus responsibility? MARKWELL, S. & RAVENSCROFT, N. / Small business growth and the maintenance of a vibrant rural economy. - ERRINGTON, A. / Rural entrepreneurs: backgrounds, attitudes and experience. - BLUNDELL, R. / Woodland management and marketing strategy for the South Cheshire rural development area. - LEWIS, D. / Nitrate sensitive areas: their evolution and the implications for farm and land managemennt. - COWAP, C. / An analysis of the market for milk production quotas. - JONES, J. & CARVER, T. / Land tenure, the root of land ownership conflicts in Southern Africa, past, present and future. - BULLARD, R. & WATERS, H. / The first stages of land reform in the former Soviet Union: some uncomfortable experiences. - ARNISON, C. | ||
| 650 | _aCONFERENCE PAPERS | ||
| 650 | _aLAND REFORM | ||
| 650 | _aLAND TENURE | ||
| 650 | _aMILK QUOTAS | ||
| 650 | _aNITRATE SENSITIVE AREAS | ||
| 650 | _aRURAL ECONOMY | ||
| 650 | _aRURAL PRACTICE | ||
| 650 | _aRUSSIA | ||
| 650 | _aSOUTHERN AFRICA | ||
| 650 | _aSUSTAINABLE DEVELOPMENT | ||
| 650 | _aWOODLAND MANAGEMENT | ||
| 690 | _aRURAL PRACTICE | ||
| 700 |
_aBrown, Stephen _xEditor |
||
| 942 | _n0 | ||
| 948 | _c04/03/1997 | ||
| 999 |
_c94732 _d94732 |
||